000 00716nam a2200217Ia 4500
001 21570
003 DO-CoUTE
005 20260204212604.0
008 220104s9999 dr 000 0 spa d
020 _a978-99934-897-9
040 _aDO-CoUTE
_bspa
_cDO-CoUTE
041 0 _aspa
082 _aRD 364.168 AG282t (CRF)
100 1 _aAguasvivas, Freddy
245 1 0 _aTodas las posibilidades : el fascinante y estremecedor relato de uno de los escandalo político-financiero más grandes del mundo / Freddy Aguasvivas
260 _aSanto Domingo D.N, República Dominicana : Impretur S.A
300 _a871 páginas
942 _2ddc
_cBK
999 _c20909
_d20909